|
|
|
|
| LEADER |
00000nab a2200000 a 4500 |
| 001 |
vtls000463956 |
| 003 |
SK-MaSNL |
| 005 |
20260303174547.0 |
| 008 |
160314c1992 xo 0 ukr |
| 015 |
|
|
|a SNBRB19rr/mm-uuuuu
|
| 035 |
|
|
|a CL0464089
|
| 040 |
|
|
|a SNKBUCL
|b slo
|c SNKBUCL
|e AACR2
|
| 041 |
0 |
|
|a slo
|
| 044 |
|
|
|a xo
|c SK
|
| 080 |
|
|
|a 887.5 (437)-1(087.5)=875
|2 1981
|
| 080 |
|
|
|a 784.67
|2 1981
|
| 100 |
1 |
|
|a Vančyk, Jan
|4 aut
|9 1202235
|
| 245 |
1 |
0 |
|a Zachodyť sonečko
|c Jan Vančyk ; Andrij Duleba
|
| 300 |
|
|
|b Noty.
|
| 650 |
0 |
7 |
|a detské piesne
|2 snkbucl
|9 3415
|
| 650 |
0 |
7 |
|a piesne lyrické
|2 snkbucl
|9 919720
|
| 655 |
|
7 |
|a články z novín a časopisov
|2 snkbucl
|9 267496
|
| 700 |
1 |
|
|a Duleba, Andrij
|4 [PER]
|9 898403
|
| 773 |
0 |
|
|t Družno vpered
|g Roč. 41, č. 2 (1992), s. 17
|
| 850 |
|
|
|a Slovenská národná knižnica v Martine
|a MTA001
|
| 852 |
|
|
|a SNK
|b KIS3GCP
|
| 958 |
|
|
|a LX
|
| 958 |
|
|
|a RK
|
| 999 |
|
|
|c 2097426
|d 2099356
|